000 01121cam a2200277 i 4500
003 SA-RiAUC
005 20241210091848.0
008 241209s1998 jo g 00000 ara c
040 _aQA-DoQUL
_bara
_cSA-RiAUC
_erda
043 _aa-jo---
082 0 4 _a346.56803
090 _a346.56803
_bج ب ر
100 1 _aجبر، عزيز كاظم
_eمؤلف.
245 1 2 _aالضرر المرتد وتعويضه في المسؤولية التقصيرية :
_bدراسة مقارنة /
_cتأليف عزيز كاظم جبر.
250 _aالطبعة الأولى.
264 1 _aعمان، الأردن :
_bدار الثقافة للنشر والتوزيع،
_c1998
300 _a259 صفحة ؛
_c24 سم
336 _aنص
_btxt
_2rdacontent
_3كتاب
337 _aبدون وسيط
_bn
_2rdamedia
338 _aمجلد
_bnc
_2rdacarrier
650 7 _aالمسئولية التقصيرية
_zالأردن
_2aucsh
650 7 _aالتعويضات
_xقوانين وتشريعات
_zالأردن
_2aucsh
650 7 _aالقانون المقارن
_2aucsh
942 _2ddc
_cBOOK
_n0
949 _aSA-JeALM
_d241209
_uosman123
_n1
999 _c3256
_d3256